| 000 | 00965cab a2200277 4500 | ||
|---|---|---|---|
| 001 | ABS52511 | ||
| 008 | 090401t1995 xxu||||| |||| 00| 0 eng d | ||
| 035 | _a(Sirsi) u82718 | ||
| 041 | _aeng | ||
| 100 | _aPannell, B. | ||
| 245 | _aRecent developments in the housing and savings markets in the fourth quarter of 1994 | ||
| 260 | _c1995 | ||
| 350 | _a0 | ||
| 490 |
_aHousing Finance _v(25) February 1995, 3-6(4) |
||
| 520 | _aGathers statistics on mortgage lending, house prices and transactions to provide a picture of the current state of the housing market. Also considers the effects of new MIRAS rules and expected interest rate moves. | ||
| 650 | _aECONOMY | ||
| 650 | _aHOUSE PRICES | ||
| 650 | _aHOUSING MARKET | ||
| 650 | _aINTEREST RATES | ||
| 650 | _aMIRAS | ||
| 650 | _aMORTGAGE MARKET | ||
| 650 | _aPROPERTY TRANSACTIONS | ||
| 690 | _aPROPERTY-RESIDENTIAL PROPERTY-RESIDENTIAL PROPERTY MARKET | ||
| 942 | _n0 | ||
| 948 | _c04/03/1997 | ||
| 999 |
_c52242 _d52242 |
||